Every California City Above 10K Population - Statistics

General Stats
  • This quiz has been taken 22 times
  • The average score is 105 of 499
Answer Stats
Population City % Correct
523,600 Sacramento
87%
347,111 Anaheim
80%
3,881,041 Los Angeles
80%
1,383,987 San Diego
80%
851,036 San Francisco
80%
404,321 Bakersfield
73%
541,528 Fresno
73%
462,293 Long Beach
73%
437,825 Oakland
73%
1,001,176 San Jose
73%
221,041 San Bernardino
67%
47,529 San Luis Obispo
67%
311,379 Santa Ana
67%
88,640 Santa Barbara
67%
320,030 Stockton
67%
32,406 Beverly Hills
60%
194,512 Glendale
60%
10,698 Malibu
60%
218,308 Modesto
60%
176,326 Ontario
60%
138,728 Orange
60%
128,058 Santa Clara
60%
225,850 Santa Clarita
60%
92,168 Santa Monica
60%
178,221 Santa Rosa
60%
77,565 Alameda
53%
102,790 Chico
53%
276,103 Chula Vista
53%
120,607 Clovis
53%
125,007 Concord
53%
176,105 Elk Grove
53%
26,519 Eureka
53%
228,795 Fremont
53%
171,637 Garden Grove
53%
160,602 Hayward
53%
197,481 Huntington Beach
53%
304,527 Irvine
53%
79,233 Napa
53%
173,722 Oceanside
53%
44,935 Palm Springs
53%
137,554 Pasadena
53%
149,831 Pomona
53%
174,696 Rancho Cucamonga
53%
103,873 Rialto
53%
316,076 Riverside
53%
162,783 Salinas
53%
109,543 Santa Maria
53%
126,532 Thousand Oaks
53%
145,454 Torrance
53%
115,016 Antioch
47%
121,385 Berkeley
47%
114,745 Carlsbad
47%
91,008 Chino
47%
158,346 Corona
47%
117,222 East Los Angeles
47%
105,721 El Cajon
47%
119,420 Fairfield
47%
81,499 Lakewood
47%
87,686 Merced
47%
30,007 Monterey
47%
209,578 Moreno Valley
47%
67,901 Palo Alto
47%
23,958 San Fernando
47%
89,723 San Leandro
47%
104,165 San Mateo
47%
61,367 Santa Cruz
47%
154,573 Sunnyvale
47%
125,132 Vallejo
47%
110,358 Ventura
47%
134,417 Victorville
47%
69,535 Yuba City
47%
38,599 Calexico
40%
111,490 Costa Mesa
40%
103,648 Daly City
40%
67,203 Davis
40%
151,114 Escondido
40%
209,279 Fontana
40%
142,280 Fullerton
40%
20,430 Imperial
40%
106,806 Inglewood
40%
105,672 Jurupa Valley
40%
60,888 La Mesa
40%
171,465 Lancaster
40%
111,899 Murrieta
40%
202,279 Oxnard
40%
166,895 Palmdale
40%
93,327 Redding
40%
30,490 San Carlos
40%
64,232 San Clemente
40%
94,360 San Marcos
40%
60,891 San Rafael
40%
126,153 Simi Valley
40%
65,596 South San Francisco
40%
101,631 Vacaville
40%
141,466 Visalia
40%
108,173 West Covina
40%
56,181 Arcadia
33%
96,076 Arden-Arcade
33%
13,773 Auburn
33%
15,002 California City
33%
78,223 Chino Hills
33%
42,279 Coachella
33%
94,822 Compton
33%
50,717 Covina
33%
113,052 Downey
33%
44,184 El Centro
33%
108,682 El Monte
33%
81,077 Folsom
33%
60,377 Gardena
33%
86,978 Hawthorne
33%
99,878 Hesperia
33%
89,616 Indio
33%
87,154 Livermore
33%
66,784 Madera
33%
35,123 Manhattan Beach
33%
103,680 Menifee
33%
93,233 Mission Viejo
33%
85,159 Newport Beach
33%
101,893 Norwalk
33%
51,290 Palm Desert
33%
78,881 Perris
33%
59,682 Petaluma
33%
76,419 Pittsburg
33%
79,128 Rancho Cordova
33%
83,077 Redwood City
33%
115,619 Richmond
33%
148,879 Roseville
33%
43,218 San Bruno
33%
34,466 San Dimas
33%
39,211 San Gabriel
33%
54,077 San Jacinto
33%
10,702 Sonoma
33%
110,114 Temecula
33%
69,261 Tulare
33%
72,504 Turlock
33%
69,502 Union City
33%
98,392 Vista
33%
35,358 West Hollywood
33%
86,459 Whittier
33%
61,227 Woodland
33%
68,035 Yorba Linda
33%
82,295 Alhambra
27%
15,911 Alpine
27%
75,603 Apple Valley
27%
18,536 Arcata
27%
29,758 Atascadero
27%
49,704 Azusa
27%
25,235 Barstow
27%
23,051 Bloomington
27%
64,443 Brentwood
27%
23,106 Calabasas
27%
70,622 Camarillo
27%
94,475 Carson
27%
49,016 Cerritos
27%
10,979 Citrus
27%
87,127 Citrus Heights
27%
53,959 Colton
27%
59,763 Cupertino
27%
71,068 Dublin
27%
58,696 Gilroy
27%
57,920 Hanford
27%
89,651 Hemet
27%
56,789 Highland
27%
22,943 Laguna Beach
27%
64,259 Laguna Niguel
27%
62,904 La Habra
27%
50,131 Lincoln
27%
44,086 Lompoc
27%
83,897 Manteca
27%
37,093 Martinez
27%
33,324 Menlo Park
27%
56,345 National City
27%
78,691 Pleasanton
27%
41,805 Rancho Palos Verdes
27%
14,576 Red Bluff
27%
70,620 Redondo Beach
27%
31,907 San Pablo
27%
92,381 South Gate
27%
21,346 South Lake Tahoe
27%
17,255 Stanford
27%
94,027 Tracy
27%
78,847 Upland
27%
28,212 Walnut
27%
90,638 Westminster
27%
54,163 West Sacramento
27%
54,428 Yucaipa
27%
20,088 Agoura Hills
20%
20,027 Albany
20%
11,267 Anderson
20%
18,435 Arroyo Grande
20%
33,377 Bell
20%
78,352 Bellflower
20%
83,542 Buena Park
20%
30,995 Burlingame
20%
78,144 Carmichael
20%
51,964 Cathedral City
20%
18,871 Coronado
20%
40,357 Culver City
20%
49,955 Cypress
20%
50,498 Delano
20%
20,261 East Hemet
20%
69,594 Eastvale
20%
61,942 Encinitas
20%
16,455 Fillmore
20%
12,527 Fortuna
20%
56,754 Fountain Valley
20%
55,461 Hacienda Heights
20%
42,093 Hollister
20%
54,547 Huntington Park
20%
26,157 Imperial Beach
20%
20,378 La Cañada Flintridge
20%
25,310 Lafayette
20%
31,170 Laguna Hills
20%
69,993 Lake Elsinore
20%
85,583 Lake Forest
20%
47,644 La Mirada
20%
27,482 Lemon Grove
20%
66,509 Lodi
20%
33,093 Los Gatos
20%
66,346 Lynwood
20%
12,681 Marysville
20%
22,825 Millbrae
20%
37,842 Montclair
20%
10,766 Morro Bay
20%
47,470 Newark
20%
53,055 Novato
20%
20,283 Oroville
20%
38,048 Pacifica
20%
53,255 Paramount
20%
61,561 Pico Rivera
20%
51,797 Placentia
20%
62,491 Porterville
20%
21,847 Port Hueneme
20%
17,257 Rancho Mirage
20%
47,702 Rancho Santa Margarita
20%
73,234 Redlands
20%
12,761 San Anselmo
20%
30,788 Santa Paula
20%
59,497 Santee
20%
25,046 Seal Beach
20%
32,291 Seaside
20%
15,737 Susanville
20%
79,514 Tustin
20%
28,006 Twentynine Palms
20%
16,496 Ukiah
20%
69,809 Walnut Creek
20%
52,457 Watsonville
20%
21,700 Yucca Valley
20%
14,355 Alamo
13%
51,896 Aliso Viejo
13%
42,719 Altadena
13%
47,629 Antelope
13%
16,237 Artesia
13%
71,692 Baldwin Park
13%
53,544 Beaumont
13%
39,263 Bell Gardens
13%
17,949 Blythe
13%
16,850 Bostonia
13%
26,509 Brawley
13%
47,099 Brea
13%
10,366 Calimesa
13%
43,464 Campbell
13%
13,936 Camp Pendleton South
13%
13,187 Carpinteria
13%
65,444 Castro Valley
13%
49,183 Ceres
13%
36,891 Claremont
13%
17,488 Coalinga
13%
43,449 Danville
13%
54,534 Diamond Bar
13%
19,071 Dixon
13%
29,520 East Palo Alto
13%
49,082 El Dorado Hills
13%
17,081 El Segundo
13%
12,840 Emeryville
13%
10,327 Exeter
13%
63,132 Florence-Graham
13%
49,992 Florin
13%
33,215 Foster City
13%
52,095 Glendora
13%
32,640 Goleta
13%
11,633 Half Moon Bay
13%
11,481 Healdsburg
13%
26,041 Hercules
13%
19,551 Hermosa Beach
13%
20,092 La Crescenta-Montrose
13%
37,933 La Quinta
13%
26,955 Lemoore
13%
20,687 Lennox
13%
24,883 Loma Linda
13%
45,560 Los Banos
13%
22,253 Marina
13%
25,009 Maywood
13%
16,913 McKinleyville
13%
79,092 Milpitas
13%
37,656 Monrovia
13%
62,056 Montebello
13%
60,386 Monterey Park
13%
45,291 Morgan Hill
13%
25,328 Norco
13%
43,525 Oakley
13%
34,796 Oildale
13%
15,098 Pacific Grove
13%
13,219 Palos Verdes Estates
13%
31,595 Paso Robles
13%
23,678 Patterson
13%
11,161 Piedmont
13%
10,744 Placerville
13%
48,737 Poway
13%
10,089 Quartz Hill
13%
28,118 Ridgecrest
13%
71,676 Rocklin
13%
44,461 Rohnert Park
13%
51,043 Rosemead
13%
35,099 San Juan Capistrano
13%
29,759 San Lorenzo
13%
86,119 San Ramon
13%
11,151 Sierra Madre
13%
11,678 Signal Hill
13%
26,583 South Pasadena
13%
32,496 Spring Valley CDP
13%
38,271 Stanton
13%
12,855 Tehachapi
13%
16,784 Truckee
13%
42,657 Vineyard
13%
22,240 West Carson
13%
37,960 Adelanto
7%
21,669 American Canyon
7%
19,613 Arvin
7%
23,164 Ashland
7%
31,841 Atwater
7%
13,470 Avocado Heights
7%
29,929 Banning
7%
24,407 Bay Point
7%
27,820 Belmont
7%
27,040 Benicia
7%
12,753 Big Bear City
7%
13,473 Bonita
7%
11,108 Canyon Lake
7%
20,055 Casa de Oro-Mount Helix
7%
18,643 Castaic
7%
15,499 Cherryland
7%
11,070 Clayton
7%
16,612 Clearlake
7%
12,253 Commerce
7%
22,808 Corcoran
7%
22,657 Cudahy
7%
33,025 Dana Point
7%
10,756 Del Aire
7%
10,896 Delhi
7%
10,754 East Bakersfield
7%
10,248 East Whittier
7%
33,710 Fallbrook
7%
41,239 French Valley
7%
13,104 Grand Terrace
7%
12,757 Grover Beach
7%
14,011 Hawaiian Gardens
7%
11,258 Hillsborough
7%
12,278 Home Gardens
7%
13,471 King City
7%
17,452 Laguna Woods
7%
10,189 Lake Arrowhead
7%
21,759 Lakeside CDP
7%
13,715 Lamont
7%
15,522 La Palma
7%
38,618 La Presa
7%
37,835 La Puente
7%
29,633 Lathrop
7%
31,553 Lawndale
7%
12,581 Lindsay
7%
17,707 Live Oak CDP
7%
14,344 Livingston
7%
20,662 Lomita
7%
31,133 Los Altos
7%
10,274 Marina del Rey
7%
13,971 McFarland
7%
14,199 Mill Valley
7%
36,073 Moorpark
7%
11,802 Muscoy
7%
48,083 North Highlands
7%
25,131 North Tustin
7%
23,120 Oakdale
7%
31,137 Orcutt
7%
18,946 Pinole
7%
22,118 Ramona
7%
22,430 Rancho San Diego
7%
24,803 Riverbank
7%
20,654 Rosamond
7%
23,845 Rosemont
7%
47,209 Rowland Heights
7%
12,442 San Marino
7%
18,840 Santa Fe Springs
7%
30,771 Saratoga
7%
12,239 Scotts Valley
7%
20,162 Shafter
7%
10,361 Shasta Lake
7%
12,946 Solana Beach
7%
57,383 South Whittier
7%
12,196 Tamalpais-Homestead Valley
7%
28,227 Temescal Valley
7%
19,252 Valle Vista
7%
11,999 View Park-Windsor Hills
7%
15,266 Vincent
7%
26,317 Wasco
7%
25,442 West Whittier-Los Nietos
7%
22,491 Willowbrook
7%
17,378 Woodcrest
7%
11,831 Alum Rock
0%
13,423 Avenal
0%
10,622 Blackhawk
0%
106,389 Burbank city
0%
17,995 Cameron Park
0%
18,772 Chowchilla
0%
10,155 Corte Madera
0%
15,632 Coto de Caza
0%
32,386 Desert Hot Springs
0%
12,197 Diamond Springs
0%
24,713 Dinuba
0%
15,362 Discovery Bay
0%
21,686 Duarte
0%
29,563 Eastern Goleta Valley
0%
29,981 East Niles
0%
14,924 East Rancho Dominguez
0%
22,654 East San Gabriel
0%
25,869 El Cerrito city
0%
12,127 | 15,497 El Sobrante CDP
0%
32,754 Fair Oaks
0%
10,583 Fairview
0%
10,393 Farmersville
0%
37,635 Foothill Farms
0%
25,350 Galt
0%
10,124 Garden Acres
0%
22,180 Granite Bay
0%
13,964 Grass Valley
0%
18,998 Greenfield city
0%
10,495 Hillcrest
0%
14,722 Isla Vista
0%
15,980 Kerman
0%
12,490 Kingsburg
0%
24,323 Ladera Ranch
0%
10,565 Lakeland Village
0%
13,097 Lake Los Angeles
0%
11,652 La Riviera
0%
12,969 Larkspur
0%
31,239 La Verne
0%
14,824 Lemon Hill
0%
23,262 Linda
0%
11,728 Los Alamitos
0%
15,523 Los Osos
0%
20,581 Mead Valley
0%
12,603 Mendota
0%
16,859 Moraga
0%
23,590 Mountain House
0%
82,132 Mountain View city
0%
12,275 Newman
0%
18,009 Nipomo
0%
14,403 North Auburn
0%
13,718 North Fair Oaks
0%
13,627 Oak Park
0%
17,416 Olivehurst
0%
35,852 Orangevale
0%
19,477 Orinda
0%
16,242 Parkway
0%
14,625 Parlier
0%
18,272 Phelan
0%
34,504 Pleasant Hill
0%
10,697 Potomac Park
0%
19,372 Prunedale
0%
10,697 Rancho Mission Viejo
0%
25,248 Reedley
0%
16,596 Rio Linda
0%
10,074 Rio Vista
0%
16,092 Ripon
0%
19,174 Rosedale
0%
11,742 Rossmoor
0%
14,849 Salida
0%
10,241 San Diego Country Estates
0%
26,553 Sanger
0%
24,576 Selma
0%
24,781 Soledad
0%
10,505 Soquel
0%
19,694 South El Monte
0%
18,717 South San Jose Hills
0%
20,484 Stevenson Ranch
0%
29,350 Suisun City
0%
11,472 Sun Village
0%
36,165 Temple City
0%
11,441 University of California-Santa Barbara
0%
21,952 Valinda
0%
10,929 Valley Center
0%
16,209 Walnut Park
0%
35,345 Westmont
0%
22,074 West Puente Valley
0%
22,141 West Rancho Dominguez
0%
36,822 Wildomar
0%
26,320 Windsor
0%
21,320 Winter Gardens
0%
11,986 Winton
0%
No matching quizzes found
Score Distribution
Percent of People with Each Score
Percentile by Number Answered
Your Score History
You have not taken this quiz